1494 1049 1948 1562 1639 1698 1168 1127 1394 1314 1519 1665 1288 1490 1149 1067 1317 1738 1920 1228 1075 1769 1803 1554 1831 1283 1400 1915 1545 1825 1261 1338 1009 1844 1374 1488 1998 1693 1153 1998 1115 1334 1228 1203 1653 1468 1921 1494 1882 1860 1409 1705 1604 1207 1646 1742 1485 1276 1324 1486 1508 1893 1761 1359 1724 1898 1566 1540 1000 1929 1953 1407 1746 1151 1163 1047 1592 1100 1326 1994 1678 1183 1494 1414 1472 1141 1012 1863 1231 1829 1651 1066 1816 1595 1626 1192 1479 1548 1099 BCNSPRNW ULIB Ver.6.0+V

เปลี่ยนเป็นภาษาไทย

Change to English
 แสดงรายละเอียดบรรณานุกรม
  กลับหน้าหลัก

Brief Record : Get Marc (ISO 2709) : E-mail record : QR code < ปิดหน้าต่าง
LEADER : 00000nam 2200000uu 4500
001    13399123540
003     ULIB
008    141005s2556||||th 000 0 tha d
020    9786167410449
060  4 ^aWA292^bต392
100 0  ^aติยะ ช้างไผ่
245 10 ^aคู่มือปฐมพยาบาลเบื้องต้น ฉบับการ์ตูน/^cเรื่อง ติยะ ช้างไผ่; ภาพ วิริเดียน ; บรรณาธิการ กานต์ธิดา บัวพัน
260    ^aกรุงเทพฯ :^bเพชรประกาย,^c2556
300    ^a208 หน้า :^bภาพประกอบ
500    ^aชื่อเรื่องจากปกนอก
650  7 ^aปฐมพยาบาล
650  7 ^aบาดแผลและบาดเจ็บ^xการรักษา
650  7 ^aบาดแผลและบาดเจ็บ^xการพยาบาล
650  7 ^aภาวะฉุกเฉินทางการแพทย์
700 0  ^aวิริเดียน,^eภาพประกอบ
700 0  ^aกานต์ธิดา บัวพัน,^eบรรณาธิการ
945    ^p250^l0^i21046
945    ^p250^l0^i21047
945    ^p250^l0^i21048
945    ^p250^l0^i21049
945    ^p250^l0^i21050
945    ^p250^l0^i21051
945    ^p250^l0^i21052
945    ^p250^l0^i21053
945    ^p250^l0^i21054
945    ^p250^l0^i21055
999    ^aทศพร เกษรทอง
รายการนี้ยังไม่มีแท็ก
คุณยังไม่ได้ล็อกอิน คุณสามารถมีกิจกรรมร่วมกับเว็บไซต์ได้ แต่ต้องล็อกอินก่อน ::
  ล็อกอิน

รายการสื่อสารสนเทศ

ลำดับที่ ประเภท เลขเรียก/บาร์โค้ด สถานที่ สถานะ
1. วิทยาศาสตร์การแพทย์ และสุขภาพ
วิทยาศาสตร์การแพทย์ และสุขภาพ
สถานะ=หนังสือเก่า
WA292 ต392 ฉ.1 
  Barcode: 21046
ห้องสมุดวิทยาเขตนครสวรรค์
►ส่วนจัดเก็บหนังสือเก่า นว.
บนชั้น
  ขอยืม
2. วิทยาศาสตร์การแพทย์ และสุขภาพ
วิทยาศาสตร์การแพทย์ และสุขภาพ
สถานะ=หนังสือเก่า
WA292 ต392 ฉ.10 
  Barcode: 21055
ห้องสมุดวิทยาเขตนครสวรรค์
►ส่วนจัดเก็บหนังสือเก่า นว.
บนชั้น
  ขอยืม
3. วิทยาศาสตร์การแพทย์ และสุขภาพ
วิทยาศาสตร์การแพทย์ และสุขภาพ
สถานะ=หนังสือเก่า
WA292 ต392 ฉ.2 
  Barcode: 21047
ห้องสมุดวิทยาเขตนครสวรรค์
►ส่วนจัดเก็บหนังสือเก่า นว.
บนชั้น
  ขอยืม
4. วิทยาศาสตร์การแพทย์ และสุขภาพ
วิทยาศาสตร์การแพทย์ และสุขภาพ
สถานะ=หนังสือเก่า
WA292 ต392 ฉ.3 
  Barcode: 21048
ห้องสมุดวิทยาเขตนครสวรรค์
►ส่วนจัดเก็บหนังสือเก่า นว.
บนชั้น
  ขอยืม
5. วิทยาศาสตร์การแพทย์ และสุขภาพ
วิทยาศาสตร์การแพทย์ และสุขภาพ
สถานะ=หนังสือเก่า
WA292 ต392 ฉ.4 
  Barcode: 21049
ห้องสมุดวิทยาเขตนครสวรรค์
►ส่วนจัดเก็บหนังสือเก่า นว.
บนชั้น
  ขอยืม
6. วิทยาศาสตร์การแพทย์ และสุขภาพ
วิทยาศาสตร์การแพทย์ และสุขภาพ
สถานะ=หนังสือเก่า
WA292 ต392 ฉ.5 
  Barcode: 21050
ห้องสมุดวิทยาเขตนครสวรรค์
►ส่วนจัดเก็บหนังสือเก่า นว.
บนชั้น
  ขอยืม
7. วิทยาศาสตร์การแพทย์ และสุขภาพ
วิทยาศาสตร์การแพทย์ และสุขภาพ
สถานะ=หนังสือเก่า
WA292 ต392 ฉ.6 
  Barcode: 21051
ห้องสมุดวิทยาเขตนครสวรรค์
►ส่วนจัดเก็บหนังสือเก่า นว.
บนชั้น
  ขอยืม
8. วิทยาศาสตร์การแพทย์ และสุขภาพ
วิทยาศาสตร์การแพทย์ และสุขภาพ
สถานะ=หนังสือเก่า
WA292 ต392 ฉ.7 
  Barcode: 21052
ห้องสมุดวิทยาเขตนครสวรรค์
►ส่วนจัดเก็บหนังสือเก่า นว.
บนชั้น
  ขอยืม
9. วิทยาศาสตร์การแพทย์ และสุขภาพ
วิทยาศาสตร์การแพทย์ และสุขภาพ
สถานะ=หนังสือเก่า
WA292 ต392 ฉ.8 
  Barcode: 21053
ห้องสมุดวิทยาเขตนครสวรรค์
►ส่วนจัดเก็บหนังสือเก่า นว.
บนชั้น
  ขอยืม
10. วิทยาศาสตร์การแพทย์ และสุขภาพ
วิทยาศาสตร์การแพทย์ และสุขภาพ
สถานะ=หนังสือเก่า
WA292 ต392 ฉ.9 
  Barcode: 21054
ห้องสมุดวิทยาเขตนครสวรรค์
►ส่วนจัดเก็บหนังสือเก่า นว.
บนชั้น
  ขอยืม

รายการใกล้เคียง
    ผู้แต่ง [ติยะ ช้างไผ่]

    หัวเรื่อง [ปฐมพยาบาล]
    หัวเรื่อง [ภาวะฉุกเฉินทางการแพทย์]

BibComment


ยังไม่เคยถูกคอมเมนท์

คอมเมนท์ทรัพยากรรายการนี้
  คอมเมนท์: คู่มือปฐมพยาบาลเ..


 Copyright 2026. Bcnsprnw @Library